Capital vignettes; (Record no. 69445)

MARC details
000 -LEADER
fixed length control field 01622nam a22002657a 4500
005 - DATE AND TIME OF LATEST TRANSACTION
control field 20120828142444.0
010 ## - LCCN (DPL NO)
LC control number B-461843-847
020 ## - INTERNATIONAL STANDARD BOOK NUMBER
International Standard Book Number 9788129113177
Terms of availability 295.00
035 ## - SYSTEM CONTROL NUMBER
System control number B-461843-847
037 ## - SOURCE OF ACQUISITION
Stock number dpl
Source of stock number/acquisition Allied Pub/Ven
082 ## - DEWEY DECIMAL CLASSIFICATION NUMBER
Classification number 954.16
100 ## - MAIN ENTRY--PERSONAL NAME
Personal name Smith, R.V.
245 ## - TITLE STATEMENT
Title Capital vignettes;
Remainder of title a peep into Delhi's ethos/
Statement of responsibility, etc by R.V.Smith
260 ## - PUBLICATION, DISTRIBUTION, ETC. (IMPRINT)
Place of publication, distribution, etc New Delhi
Name of publisher, distributor, etc Rupa
Date of publication, distribution, etc 2008
270 ## - ADDRESS
Address 7/16 Ansari Road Daryaganj
City New Delhi
Postal code 110002
300 ## - PHYSICAL DESCRIPTION
Extent 204p.
Dimensions 23cm(pbk)
500 ## - GENERAL NOTE
General note It includes Index, Glossary
942 ## - ADDED ENTRY ELEMENTS (KOHA)
Source of classification or shelving scheme Dewey Decimal Classification
Item type English Books
Call number suffix SMI
Classification part 954.16
Holdings
Withdrawn status Lost status Not for loan Collection code Home library Current library Date acquired Source of acquisition Cost, normal purchase price Full call number Barcode Copy number Cost, replacement price Koha item type
      Fiction Central Library Central Library 30/08/2012 Allied Pub/1844/01.02.2012/27/18.01.2012/10.02.2012 295.00 954.16 SMI B-461843 1 295.00 English Books
      Fiction Karol Bagh Karol Bagh 30/08/2012 Allied Pub/1844/01.02.2012/27/18.01.2012/10.02.2012 295.00 954.16 SMI B-461846 1 295.00 English Books
      Fiction Patel Nagar Patel Nagar 30/08/2012 Allied Pub/1844/01.02.2012/27/18.01.2012/10.02.2012 295.00 954.16 SMI B-461844 1 295.00 English Books
      Fiction Sarojini Nagar Sarojini Nagar 30/08/2012 Allied Pub/1844/01.02.2012/27/18.01.2012/10.02.2012 295.00 954.16 SMI B-461845 1 295.00 English Books
      Fiction Shahdara Branch Shahdara Branch 30/08/2012 Allied Pub/1844/01.02.2012/27/18.01.2012/10.02.2012 295.00 954.16 SMI B-461847 1 295.00 English Books

© Delhi Public Library
Hit Counter
free hit counter